May be recycled / (Record no. 6137)
[ view plain ]
| 000 -LEADER | |
|---|---|
| fixed length control field | 01536nam a22002537a 4500 |
| 001 - CONTROL NUMBER | |
| control field | 6137 |
| 003 - CONTROL NUMBER IDENTIFIER | |
| control field | FISKH |
| 005 - DATE AND TIME OF LATEST TRANSACTION | |
| control field | 20250318114019.0 |
| 008 - FIXED-LENGTH DATA ELEMENTS--GENERAL INFORMATION | |
| fixed length control field | 250318b cb ||||| |||| 00| 0 eng d |
| 020 ## - INTERNATIONAL STANDARD BOOK NUMBER | |
| International Standard Book Number | 9781408344842 |
| 040 ## - CATALOGING SOURCE | |
| Original cataloging agency | FISKH |
| Language of cataloging | eng |
| Transcribing agency | FISKH |
| Modifying agency | FISKH |
| 050 ## - LIBRARY OF CONGRESS CALL NUMBER | |
| Classification number | PZ7 |
| 082 ## - DEWEY DECIMAL CLASSIFICATION NUMBER | |
| Classification number | 823.92 |
| 100 ## - MAIN ENTRY--PERSONAL NAME | |
| Personal name | Meres, Jonathan |
| 245 ## - TITLE STATEMENT | |
| Title | May be recycled / |
| Statement of responsibility, etc. | By Jonathan Meres |
| 250 ## - EDITION STATEMENT | |
| Edition statement | First published in Great Briatain in 2016 |
| 260 ## - PUBLICATION, DISTRIBUTION, ETC. | |
| Place of publication, distribution, etc. | London : |
| Name of publisher, distributor, etc. | Orchard Books ; |
| Date of publication, distribution, etc. | 2016. |
| 300 ## - PHYSICAL DESCRIPTION | |
| Extent | 248 pages : |
| Other physical details | illustrations ; |
| Dimensions | 20 cm . |
| 490 ## - SERIES STATEMENT | |
| Series statement | The world of Norm |
| Volume/sequential designation | Book 11 |
| 520 ## - SUMMARY, ETC. | |
| Summary, etc. | The eleventh hilarious title in the award-winning, laugh-out-loud series, The World of Norm. Perfect for fans of Tom Gates and Diary of a Wimpy Kid. Norm knew it was going to be one of those days when he woke up and nothing happened ... Home alone and the fridge to himself? What could possibly go wrong? Well, apart from the snails. And having to hang his mum's pants out to dry. And the dreaded perfect cousins paying a visit. And worst of all, the entire family going vege-flipping-tarian! But apart from that, what could possibly go wrong? You'd think Norm would know better by now, wouldn't you? ABSO-FLIPPING-LUTELY! With brilliantly funny illustrations throughout from Donough O'Malley. Praise for Jonathan Meres: 'Hilarious stuff from one of my comic heroes!' - Harry Hill 'Jonathan Meres is flipping funny!' - Eddie Izzard show less |
| 700 ## - ADDED ENTRY--PERSONAL NAME | |
| Personal name | O'Malley, Donough |
| Relator term | illustrator |
| 942 ## - ADDED ENTRY ELEMENTS (KOHA) | |
| Source of classification or shelving scheme | Dewey Decimal Classification |
| Koha item type | Books |
| Suppress in OPAC | No |
| Withdrawn status | Lost status | Source of classification or shelving scheme | Damaged status | Not for loan | Collection | Home library | Current library | Shelving location | Date acquired | Total Checkouts | Full call number | Barcode | Date last seen | Price effective from | Koha item type |
|---|---|---|---|---|---|---|---|---|---|---|---|---|---|---|---|
| Dewey Decimal Classification | Fiction | Footprints International School Library Network Toul Tom Poung Campus | Footprints International School Library Network Toul Tom Poung Campus | TTP Secondary Fiction Bookshelves | 03/18/2025 | MER 823.92 | 2025-0791 | 03/18/2025 | 03/18/2025 | Books |
